000 00838cab a2200253 4500
001 WB2832-64
008 090401t1992 xxu||||| |||| 00| 0 eng d
035 _a(Sirsi) u319
041 _aeng
245 _aBenefits of turnover leases
260 _c1992
350 _a0
490 _aGlasgow Herald
_v19 August 1992, 18(1)
520 _aNew leasing arrangements are being sought by retailers rebelling against the traditional 25-year lease with upwards-only rent reviews, seen as increasingly burdensome. The turnover-based alternative is being seen as more attractive.
650 _aLEASE REFORM
650 _aLEASE TERMS
650 _aLEASES
650 _aRETAIL PROPERTY
650 _aSHOPPING CENTRES
650 _aTURNOVER LEASES
690 _aLANDLORD AND TENANT-BUSINESS TENANCIES
942 _n0
948 _c04/03/1997
999 _c122
_d122